| 000 | 00715cam a2200241 a 4500 | ||
|---|---|---|---|
| 003 | Nust | ||
| 005 | 20170216102414.0 | ||
| 008 | 170216b xxu||||| |||| 00| 0 eng d | ||
| 020 | _a9780135000076 (alk. paper) | ||
| 020 | _a0135000076 (alk. paper) | ||
| 040 | _cNust-MCE | ||
| 082 | 0 | 0 |
_a624.068 _bFIS _cN-01 , P-202 |
| 100 | 1 | _aFisk, Edward R., | |
| 245 | 1 | 0 |
_aConstruction project administration / _cEdward R. Fisk, Wayne D. Reynolds. |
| 250 | _a9th ed. | ||
| 260 |
_aBoston : _bPrentice Hall, _cc2010. |
||
| 300 |
_axvi, 396 p. : _bill. ; _c29 cm. |
||
| 650 | 0 |
_aConstruction industry _xManagement. |
|
| 650 | 0 |
_aBuilding _xSuperintendence. |
|
| 650 | 0 | _aNUST | |
| 700 | 1 | _aReynolds, Wayne D., | |
| 942 | _cBK | ||
| 999 |
_c219762 _d219762 |
||